000 00740nam a2200265Ia 4500
005 20260121170707.0
008 008 260114s9999 xx 000 0 eng d
020 _a9783319991337
037 _aEBOOK
040 _aCRL
040 _beng
040 _cCRL
041 _2eng
041 _aeng
084 _qCRL
100 _aMourad Elloumi, Michael Granitzer, Abdelkader Hameurlain, Christin Seifert, Benno Stein, A Min Tjoa, Roland Wagner
_91067012
245 0 _aDatabase and Expert Systems Applications
260 _bSpringer
260 _bSpringer
260 _c2018
856 _uhttps://link.springer.com/openurl?genre=book&isbn=978-3-319-99133-7
942 _cEBOOK
999 _c1632742
_d1632742